00460nam a22001457a 4500003000900000008004100009040007100050082001800121100002500139245003400164260006900198300001100267650002300278650001300301AR-CdUCM190311b ||||| |||| 00| 0 spa d aMUNICIPALIDAD PROVINCIAL DEL CUSCOcBIBLIOTECA MUNICIPAL DEL CUSCO a869.40 /bC28 aCasazola M., Matilde aLos ojos abiertos :bpoemas / aLa Paz :bImprenta de la Universidad Mayor de San Andres,c1967. c19 cm. aPoesía boliviana aSiglo XX